000 00302nam a22001097a 4500
082 _a510
100 _aयादव,राकेश
_979923
245 _aएडवांस गणित
260 _aदिल्‍ली
_bRakesh Yadav Readers Pub.
_c2023
650 _aMathes
_981908
942 _cHIN
999 _c66124
_d66124